Renewable resources and renewable energy : (Record no. 330510)

000 -LEADER
fixed length control field 01255cam a22003254a 4500
001 - CONTROL NUMBER
control field 16889912
003 - CONTROL NUMBER IDENTIFIER
control field NUST
005 - DATE AND TIME OF LATEST TRANSACTION
control field 20170718151234.0
008 - FIXED-LENGTH DATA ELEMENTS--GENERAL INFORMATION
fixed length control field 110726s2012 flua b 001 0 eng
010 ## - LIBRARY OF CONGRESS CONTROL NUMBER
LC control number 2011027261
016 7# - NATIONAL BIBLIOGRAPHIC AGENCY CONTROL NUMBER
Record control number 015865023
Source Uk
020 ## - INTERNATIONAL STANDARD BOOK NUMBER
International Standard Book Number 9781439840184 (alk. paper)
020 ## - INTERNATIONAL STANDARD BOOK NUMBER
International Standard Book Number 1439840180 (alk. paper)
035 ## - SYSTEM CONTROL NUMBER
System control number (OCoLC)ocn654317936
040 ## - CATALOGING SOURCE
Original cataloging agency DLC
Transcribing agency DLC
Modifying agency YDX
-- BTCTA
-- UKMGB
-- YDXCP
-- DLC
042 ## - AUTHENTICATION CODE
Authentication code pcc
050 00 - LIBRARY OF CONGRESS CALL NUMBER
Classification number TJ808
Item number .R458 2012
082 00 - DEWEY DECIMAL CLASSIFICATION NUMBER
Classification number 621.042 FOR
Edition number 23
245 00 - TITLE STATEMENT
Title Renewable resources and renewable energy :
Remainder of title a global challenge /
Statement of responsibility, etc. Edited by Paolo Fornasiero and Mauro Graziani.
250 ## - EDITION STATEMENT
Edition statement 2nd ed.
260 ## - PUBLICATION, DISTRIBUTION, ETC.
Place of publication, distribution, etc. Boca Raton :
Name of publisher, distributor, etc. CRC Press,
Date of publication, distribution, etc. c2012.
300 ## - PHYSICAL DESCRIPTION
Extent xiv, 490 p. :
Other physical details ill. ;
Dimensions 27 cm.
500 ## - GENERAL NOTE
General note H.B
504 ## - BIBLIOGRAPHY, ETC. NOTE
Bibliography, etc. note Includes bibliographical references and index.
650 #0 - SUBJECT ADDED ENTRY--TOPICAL TERM
Topical term or geographic name entry element Renewable energy sources.
9 (RLIN) 2373
650 #0 - SUBJECT ADDED ENTRY--TOPICAL TERM
Topical term or geographic name entry element Renewable natural resources.
9 (RLIN) 3391
650 #0 - SUBJECT ADDED ENTRY--TOPICAL TERM
Topical term or geographic name entry element Biomass energy.
9 (RLIN) 2612
700 1# - ADDED ENTRY--PERSONAL NAME
Personal name Fornasiero, Paolo,
Dates associated with a name 1968-
9 (RLIN) 3392
700 1# - ADDED ENTRY--PERSONAL NAME
Personal name Graziani, Mauro.
9 (RLIN) 3393
906 ## - LOCAL DATA ELEMENT F, LDF (RLIN)
a 7
b cbc
c orignew
d 1
e ecip
f 20
g y-gencatlg
942 ## - ADDED ENTRY ELEMENTS (KOHA)
Source of classification or shelving scheme
Koha item type Book
Call number prefix IESE
Holdings
Withdrawn status Lost status Source of classification or shelving scheme Damaged status Not for loan Collection code Permanent Location Current Location Shelving location Date acquired Total Checkouts Full call number Barcode Date last seen Price effective from Koha item type
            Institute of Environmental Science and Engineering (IESE) Institute of Environmental Science and Engineering (IESE) General Stacks 07/18/2017   621.042 FOR IESE-2769 07/18/2017 07/18/2017 Book
© 2023 Central Library, National University of Sciences and Technology. All Rights Reserved.